00365nam a2200157Ia 4500008004000000020001800040041000800058082001700066100002200083245002200105250000500127260004200132300001200174650001200186650000900198210210b2017 xxu||||| |||| 00| 0 eng d a9781119327639 aeng a006.312 PIED aPIERSON (Lillian) aData science Ed 2 a aNew JerseybJohn Wiley and Sonsc2017 axvi,364 ascience aData